00881nam a2200229 4500999001500000001000600015003000900021005001700030008004100047020001800088020001800106040004800124082002000172100003800192245008100230260003500311300007100346650005200417650004300469942001200512952012700524 c8635d863522693BD-DhUAP20250703160944.0250703b2015 ii a|eo| |||| 001 0aeng d a9789385360015 a9781935677604 aBD-DhUAPbEngcBD-DhUAPdBD-DhUAPeBD-DhUAP 223a759.954 MAJ aMajumdar, Soumik Nandy.e(Author) a8 Bengal Masters: bMiracles of Existence /cSoumik Nandy Majumdar (Author). aPanchvati ;bMapinPub ,c2015. a 120 pages : billustrations (chiefly color), portraits ;c31 cm . aArt bengali 20e siècle Expositionsv1900-1999 aArt, Bengali 20th century Exhibitions. 2ddccBK 00102ddc4070aUAPCLbUAPCLcGeneral Stacksd2025-07-03o759.954 MAJp3010022693r2025-07-03t1v3900.00w2025-07-03yBK